000
00222 a2200097 4500
001
4078
100
_a
Mckinley, J.L
245
_a
Baseic science fore aerospace vehicles
260
_a
_b
MC-GrawHill
_c
090
_c
3297
_d
3297
942
_a
NUST-CAE
_c
M
_c
25524
999
_c
239151
_d
239151